| 000 | 00748nam a2200217 a 4500 | ||
|---|---|---|---|
| 001 | 000030650 | ||
| 003 | OSt | ||
| 005 | 20201123103321.0 | ||
| 008 | 110525s1927 dr r 000 | spa d | ||
| 040 |
_aDO-SdBNP _bspa _cBNPHU |
||
| 082 | 4 |
_aR 340.025 _bV635c _222 |
|
| 100 | 1 |
_aVicioso Soto, Horacio _923658 |
|
| 245 | 1 | 0 |
_aCuadro cronológico de los abogados y defensores de la República : _bdesde el año 1840 hasta la fecha / _cHoracio V. Vicioso. |
| 260 |
_aSanto Domingo : _bMontalvo, _c1927. |
||
| 300 |
_a13 p. ; _c21 cm. |
||
| 500 | _aIncluye notas al pie de las páginas. | ||
| 590 | _aInventariado, 2018/ YL | ||
| 650 | 4 |
_aAbogados _zRepública Dominicana _y1840- _977360 |
|
| 910 | _aValidado. Control de calidad MFF | ||
| 942 |
_2ddc _cLBS1 |
||
| 999 |
_c30142 _d30142 |
||